<?xml version="1.0" encoding="UTF-8"?>
<record
    xmlns:xsi="http://www.w3.org/2001/XMLSchema-instance"
    xsi:schemaLocation="http://www.loc.gov/MARC21/slim http://www.loc.gov/standards/marcxml/schema/MARC21slim.xsd"
    xmlns="http://www.loc.gov/MARC21/slim">

  <leader>03103cam a2200373 i 4500</leader>
  <controlfield tag="005">20241022162140.0</controlfield>
  <controlfield tag="008">200316s2019    ii       b    001 0 eng  </controlfield>
  <datafield tag="010" ind1=" " ind2=" ">
    <subfield code="a">  2019302696</subfield>
  </datafield>
  <datafield tag="020" ind1=" " ind2=" ">
    <subfield code="a">9780199499045</subfield>
  </datafield>
  <datafield tag="020" ind1=" " ind2=" ">
    <subfield code="a">0199499047</subfield>
  </datafield>
  <datafield tag="040" ind1=" " ind2=" ">
    <subfield code="a">DLC</subfield>
    <subfield code="b">eng</subfield>
    <subfield code="e">rda</subfield>
    <subfield code="c">AIMIT LIBRARY</subfield>
  </datafield>
  <datafield tag="042" ind1=" " ind2=" ">
    <subfield code="a">pcc</subfield>
  </datafield>
  <datafield tag="050" ind1="0" ind2="0">
    <subfield code="a">HF5438.4</subfield>
    <subfield code="b">.P354 2019</subfield>
  </datafield>
  <datafield tag="082" ind1=" " ind2=" ">
    <subfield code="2">3</subfield>
    <subfield code="a">658.81</subfield>
    <subfield code="b">PANT</subfield>
  </datafield>
  <datafield tag="100" ind1="1" ind2=" ">
    <subfield code="a">Panda, Tapan K.</subfield>
    <subfield code="q">(Tapan Kumar),</subfield>
    <subfield code="e">author.</subfield>
    <subfield code="9">182941</subfield>
  </datafield>
  <datafield tag="245" ind1="1" ind2="0">
    <subfield code="a">Sales and distribution management /</subfield>
    <subfield code="c">By Tapan K. Panda, Sunil Sahadev.</subfield>
  </datafield>
  <datafield tag="250" ind1=" " ind2=" ">
    <subfield code="a">3rd ed.</subfield>
  </datafield>
  <datafield tag="260" ind1=" " ind2=" ">
    <subfield code="a">New Delhi, India :</subfield>
    <subfield code="b">Oxford University Press,</subfield>
    <subfield code="c">2019.</subfield>
  </datafield>
  <datafield tag="264" ind1=" " ind2="1">
    <subfield code="a">New Delhi, India :</subfield>
    <subfield code="b">Oxford University Press,</subfield>
    <subfield code="c">2019.</subfield>
  </datafield>
  <datafield tag="300" ind1=" " ind2=" ">
    <subfield code="a">xiii, 488 pages ;</subfield>
    <subfield code="c">25 cm</subfield>
    <subfield code="b">PB</subfield>
  </datafield>
  <datafield tag="336" ind1=" " ind2=" ">
    <subfield code="a">text</subfield>
    <subfield code="b">txt</subfield>
    <subfield code="2">rdacontent</subfield>
  </datafield>
  <datafield tag="337" ind1=" " ind2=" ">
    <subfield code="a">unmediated</subfield>
    <subfield code="b">n</subfield>
    <subfield code="2">rdamedia</subfield>
  </datafield>
  <datafield tag="338" ind1=" " ind2=" ">
    <subfield code="a">volume</subfield>
    <subfield code="b">nc</subfield>
    <subfield code="2">rdacarrier</subfield>
  </datafield>
  <datafield tag="500" ind1=" " ind2=" ">
    <subfield code="a">The book has 22 chapters divided into 2 modules. &#x2022; Module I Sales Management discusses the selling process, sales force automation, recruitment and selection of sales force, their training and compensation, and more. &#x2022; Module II Distribution Management covers ways of designing customer-oriented marketing and logistics channels, channel information system, applications of e-commerce, and managing the international channels of distribution. Reviews The book is quite detailed with some relevant case studies. Table of contents provides adequate coverage. - Ramendra Singh, IIM Calcutta The Indian orientation is this title's major strength. - D. M. Sezhiyan, National Institute of Technology, Tiruchirappalli</subfield>
  </datafield>
  <datafield tag="501" ind1=" " ind2=" ">
    <subfield code="a">Sales and Distribution Management in its third edition provides detailed discussions on the techniques and strategies used by marketers to deal with increasing competition in the market. With its application-oriented approach and new real-life cases, this book would be useful to marketing professionals besides students.</subfield>
  </datafield>
  <datafield tag="505" ind1=" " ind2=" ">
    <subfield code="a">Table of contents

Module I: Sales Management

Introduction to Sales Management
Selling Skills and Selling Strategies
The Selling Process
Managing Sales Information
Sales Force Automation
Sales Organization
Management of Sales Territory
Management of Sales Quota
Recruitment and Selection of the Sales Force
Training the Sales Force
Sales Force Motivation
Sales Force Compensation &amp; Evaluation
Sales Force Control 272

Module II: Distribution Management

Distribution Channel Management&#x2014;An Introduction
Designing Customer-oriented Marketing Channels
Customer-oriented Logistics Management
E-commerce and Distribution Channel Management
Channel Information Systems
Managing Channel Member Behaviour
Managing Wholesalers and Franchisees
Retail Management
Managing the International Channels of Distribution
</subfield>
  </datafield>
  <datafield tag="650" ind1=" " ind2="0">
    <subfield code="a">Sales management.</subfield>
    <subfield code="9">182942</subfield>
  </datafield>
  <datafield tag="650" ind1=" " ind2="0">
    <subfield code="a">Marketing channels.</subfield>
    <subfield code="9">182943</subfield>
  </datafield>
  <datafield tag="650" ind1=" " ind2="0">
    <subfield code="a">Physical distribution of goods.</subfield>
    <subfield code="9">182944</subfield>
  </datafield>
  <datafield tag="700" ind1="1" ind2=" ">
    <subfield code="a">Sahadev, Sunil.</subfield>
    <subfield code="e">author.</subfield>
    <subfield code="9">182945</subfield>
  </datafield>
  <datafield tag="906" ind1=" " ind2=" ">
    <subfield code="a">7</subfield>
    <subfield code="b">cbc</subfield>
    <subfield code="c">orignew</subfield>
    <subfield code="d">2</subfield>
    <subfield code="e">ncip</subfield>
    <subfield code="f">20</subfield>
    <subfield code="g">y-gencatlg</subfield>
  </datafield>
  <datafield tag="942" ind1=" " ind2=" ">
    <subfield code="2">ddc</subfield>
    <subfield code="c">BK</subfield>
    <subfield code="e">3rd</subfield>
    <subfield code="k">658.81 PANT</subfield>
  </datafield>
  <datafield tag="999" ind1=" " ind2=" ">
    <subfield code="c">231887</subfield>
    <subfield code="d">231887</subfield>
  </datafield>
  <datafield tag="952" ind1=" " ind2=" ">
    <subfield code="0">0</subfield>
    <subfield code="1">0</subfield>
    <subfield code="2">ddc</subfield>
    <subfield code="4">0</subfield>
    <subfield code="7">0</subfield>
    <subfield code="8">MBA</subfield>
    <subfield code="a">AIMIT</subfield>
    <subfield code="b">AIMIT</subfield>
    <subfield code="d">2024-10-22</subfield>
    <subfield code="g">985.00</subfield>
    <subfield code="i">Bill no:4604; Bill dt:2024-10-19</subfield>
    <subfield code="l">4</subfield>
    <subfield code="o">658.81 PANT</subfield>
    <subfield code="p">MBA14776</subfield>
    <subfield code="r">2026-05-23 00:00:00</subfield>
    <subfield code="s">2025-11-10</subfield>
    <subfield code="v">788.00</subfield>
    <subfield code="w">2024-10-22</subfield>
    <subfield code="y">BK</subfield>
  </datafield>
  <datafield tag="952" ind1=" " ind2=" ">
    <subfield code="0">0</subfield>
    <subfield code="1">0</subfield>
    <subfield code="2">ddc</subfield>
    <subfield code="4">0</subfield>
    <subfield code="7">0</subfield>
    <subfield code="8">MBA</subfield>
    <subfield code="a">AIMIT</subfield>
    <subfield code="b">AIMIT</subfield>
    <subfield code="d">2024-10-22</subfield>
    <subfield code="g">985.00</subfield>
    <subfield code="i">Bill no:4604; Bill dt:2024-10-19</subfield>
    <subfield code="l">6</subfield>
    <subfield code="o">658.81 PANT</subfield>
    <subfield code="p">MBA14777</subfield>
    <subfield code="q">2026-05-27</subfield>
    <subfield code="r">2026-04-27 16:32:39</subfield>
    <subfield code="s">2026-04-27</subfield>
    <subfield code="v">788.00</subfield>
    <subfield code="w">2024-10-22</subfield>
    <subfield code="y">BK</subfield>
  </datafield>
  <datafield tag="952" ind1=" " ind2=" ">
    <subfield code="0">0</subfield>
    <subfield code="1">0</subfield>
    <subfield code="2">ddc</subfield>
    <subfield code="4">0</subfield>
    <subfield code="7">0</subfield>
    <subfield code="8">MBA</subfield>
    <subfield code="a">AIMIT</subfield>
    <subfield code="b">AIMIT</subfield>
    <subfield code="d">2024-10-22</subfield>
    <subfield code="g">985.00</subfield>
    <subfield code="i">Bill no:4604; Bill dt:2024-10-19</subfield>
    <subfield code="l">2</subfield>
    <subfield code="o">658.81 PANT</subfield>
    <subfield code="p">MBA14778</subfield>
    <subfield code="r">2026-05-23 00:00:00</subfield>
    <subfield code="s">2025-07-26</subfield>
    <subfield code="v">788.00</subfield>
    <subfield code="w">2024-10-22</subfield>
    <subfield code="y">BK</subfield>
  </datafield>
  <datafield tag="952" ind1=" " ind2=" ">
    <subfield code="0">0</subfield>
    <subfield code="1">0</subfield>
    <subfield code="2">ddc</subfield>
    <subfield code="4">0</subfield>
    <subfield code="7">3</subfield>
    <subfield code="8">MBA</subfield>
    <subfield code="a">AIMIT</subfield>
    <subfield code="b">AIMIT</subfield>
    <subfield code="d">2024-10-22</subfield>
    <subfield code="g">985.00</subfield>
    <subfield code="i">Bill no:4604; Bill dt:2024-10-19</subfield>
    <subfield code="l">0</subfield>
    <subfield code="o">658.81 PANT</subfield>
    <subfield code="p">MBA14779</subfield>
    <subfield code="r">2025-07-21 00:00:00</subfield>
    <subfield code="v">788.00</subfield>
    <subfield code="w">2024-10-22</subfield>
    <subfield code="y">BK</subfield>
  </datafield>
</record>
